00588nam a2200133Ia 4500008004100000100001800041245015600059245009100215260005300306260000900359300001000368650001500378856006100393170221s9999 xx 000 0 und d aAltaf Hussain aEnhancing effectiveness of employees through training and development in the health care department of Khyber Pakhtunkhwa Pakistan: A Literature Review c Altaf Hussain, Rosman Md Yusoff, Sajjad Ahmad Banoori, Anwar Khan, Muhammad Asad Khan bInternational Review of Management and Marketing c2012 a1 : 1 xMarketing. uhttp://www.econjournals.com/index.php/irmm/issue/view/88